| 000 | 00478nam a2200193Ia 4500 | ||
|---|---|---|---|
| 005 | 20240823052546.0 | ||
| 008 | 240823s9999||||xx |||||||||||||| ||und|| | ||
| 020 | _a978-1-84628-193-8 | ||
| 041 | _aENGLISH | ||
| 082 | _A005.8 P6 | ||
| 100 | _aDavid Salomon | ||
| 245 | 0 | _aFoundations of Computer Security | |
| 250 | _a1st | ||
| 260 |
_c2006 _bSpringer Publica |
||
| 500 | _aTRANSFERED | ||
| 650 |
_aComputer Security _bComputer Science |
||
| 942 | _cBK | ||
| 999 |
_c222152 _d222152 |
||